[Event "European Women's Chess Club Cup 2023"]
[Site "Durres, Albania"]
[Date "2023.10.01"]
[Round "1.1"]
[White "Johannsdottir, Johanna Bjorg"]
[Black "Stefanova, Antoaneta"]
[Result "0-1"]
[TimeControl "90' + 30' & 30\""]
[WhiteElo "1988"]
[BlackElo "2424"]

1. e4 {[%clk 01:30:58]} {[%emt 00:00:14]} c6 {[%clk 01:30:53]} {[%emt
00:00:07]} 2. Nc3 {[%clk 01:31:16]} {[%emt 00:00:13]} d5 {[%clk 01:31:14]}
{[%emt 00:00:08]} 3. Nf3 {[%clk 01:31:40]} {[%emt 00:00:06]} Bg4 {[%clk
01:31:04]} {[%emt 00:00:39]} 4. h3 {[%clk 01:31:45]} {[%emt 00:00:24]} Bxf3
{[%clk 01:30:20]} {[%emt 00:01:17]} 5. Qxf3 {[%clk 01:32:09]} {[%emt 00:00:07]}
e6 {[%clk 01:30:43]} {[%emt 00:00:07]} 6. d3 {[%clk 01:32:18]} {[%emt
00:00:21]} Nd7 {[%clk 01:27:07]} {[%emt 00:04:05]} 7. Bd2 {[%clk 01:30:30]}
{[%emt 00:02:17]} Bc5 {[%clk 01:23:36]} {[%emt 00:04:00]} 8. g4 {[%clk
01:23:32]} {[%emt 00:07:29]} Ne7 {[%clk 01:18:34]} {[%emt 00:05:32]} 9. Qg3
{[%clk 01:21:45]} {[%emt 00:02:15]} a5 {[%clk 01:12:48]} {[%emt 00:06:18]} 10.
a4 {[%clk 01:14:40]} {[%emt 00:07:36]} Bd4 {[%clk 00:58:39]} {[%emt 00:14:38]}
11. Bg2 {[%clk 01:07:16]} {[%emt 00:07:53]} Ng6 {[%clk 00:49:29]} {[%emt
00:09:41]} 12. h4 {[%clk 00:59:04]} {[%emt 00:08:42]} h5 {[%clk 00:48:11]}
{[%emt 00:01:48]} 13. f4 {[%clk 00:52:03]} {[%emt 00:07:31]} Nf6 {[%clk
00:39:07]} {[%emt 00:09:34]} 14. Ne2 {[%clk 00:46:11]} {[%emt 00:06:22]} dxe4
{[%clk 00:37:27]} {[%emt 00:02:10]} 15. Nxd4 {[%clk 00:41:58]} {[%emt
00:04:43]} Qxd4 {[%clk 00:36:42]} {[%emt 00:01:15]} 16. Bc3 {[%clk 00:41:56]}
{[%emt 00:00:32]} Qd6 {[%clk 00:35:39]} {[%emt 00:01:33]} 17. Bxe4 {[%clk
00:35:43]} {[%emt 00:06:43]} Nxe4 {[%clk 00:25:33]} {[%emt 00:10:37]} 18. dxe4
{[%clk 00:36:05]} {[%emt 00:00:07]} hxg4 {[%clk 00:12:26]} {[%emt 00:13:36]} 19.
Rd1 {[%clk 00:34:11]} {[%emt 00:02:24]} Qxf4 {[%clk 00:09:13]} {[%emt
00:03:43]} 20. Qxf4 {[%clk 00:33:40]} {[%emt 00:01:02]} Nxf4 {[%clk 00:09:40]}
{[%emt 00:00:03]} 21. Bxg7 {[%clk 00:33:34]} {[%emt 00:00:36]} Rg8 {[%clk
00:05:50]} {[%emt 00:04:20]} 22. Be5 {[%clk 00:31:17]} {[%emt 00:02:45]} Nh5
{[%clk 00:06:10]} {[%emt 00:00:11]} 23. Kf2 {[%clk 00:28:20]} {[%emt 00:03:26]}
f6 {[%clk 00:05:32]} {[%emt 00:01:10]} 24. Bc7 {[%clk 00:28:09]} {[%emt
00:00:40]} Rg7 {[%clk 00:04:41]} {[%emt 00:01:22]} 25. Bb6 {[%clk 00:27:56]}
{[%emt 00:00:43]} e5 {[%clk 00:02:59]} {[%emt 00:02:12]} 26. Rhg1 {[%clk
00:25:35]} {[%emt 00:02:50]} Ra6 {[%clk 00:01:29]} {[%emt 00:02:01]} 27. Rd8+
{[%clk 00:16:23]} {[%emt 00:09:42]} Ke7 {[%clk 00:01:58]} {[%emt 00:00:01]} 28.
Bc7 {[%clk 00:16:47]} {[%emt 00:00:06]} c5 {[%clk 00:01:37]} {[%emt 00:00:51]}
29. Rgd1 {[%clk 00:14:25]} {[%emt 00:02:52]} Kf7 {[%clk 00:00:44]} {[%emt
00:01:24]} 30. Bd6 {[%clk 00:13:34]} {[%emt 00:01:19]} Rc6 {[%clk 00:00:39]}
{[%emt 00:00:36]} 31. Bf8 {[%clk 00:13:28]} {[%emt 00:00:34]} Rh7 {[%clk
00:00:39]} {[%emt 00:00:32]} 32. R1d7+ {[%clk 00:10:45]} {[%emt 00:03:13]} Kg6
{[%clk 00:01:08]} 33. Rxh7 {[%clk 00:10:42]} {[%emt 00:00:32]} Kxh7 {[%clk
00:01:37]} 34. Rd7+ {[%clk 00:11:01]} {[%emt 00:00:12]} Kg8 {[%clk 00:01:51]}
{[%emt 00:00:16]} 35. Bh6 {[%clk 00:09:30]} {[%emt 00:01:59]} Rb6 {[%clk
00:01:12]} {[%emt 00:01:11]} 36. b3 {[%clk 00:09:34]} {[%emt 00:00:26]} c4
{[%clk 00:00:52]} {[%emt 00:00:50]} 37. Be3 {[%clk 00:09:09]} {[%emt 00:00:55]}
Rc6 {[%clk 00:01:13]} {[%emt 00:00:10]} 38. Rxb7 {[%clk 00:06:12]} {[%emt
00:03:26]} cxb3 {[%clk 00:01:39]} {[%emt 00:00:04]} 39. cxb3 {[%clk 00:05:58]}
{[%emt 00:00:44]} Rc2+ {[%clk 00:00:54]} {[%emt 00:01:15]} 40. Ke1 {[%clk
00:05:43]} {[%emt 00:00:45]} Nf4 {[%clk 00:00:39]} {[%emt 00:00:45]} 41. Bb6
{[%clk 00:03:44]} {[%emt 00:02:29]} g3 {[%clk 00:22:22]} {[%emt 00:08:47]} 42.
Bxa5 {[%clk 00:32:15]} {[%emt 00:02:00]} g2 {[%clk 00:21:35]} {[%emt 00:01:15]}
43. Bb6 {[%clk 00:32:41]} {[%emt 00:00:05]} Nd3+ {[%clk 00:19:42]} {[%emt
00:02:23]} 44. Kd1 {[%clk 00:33:05]} {[%emt 00:00:06]} Rc5 {[%clk 00:19:46]}
{[%emt 00:00:26]} 0-1

[Event "European Women's Chess Club Cup 2023"]
[Site "Durres, Albania"]
[Date "2023.10.01"]
[Round "1.2"]
[White "Socko, Monika"]
[Black "Thorsteinsdottir, Hallgerdur"]
[Result "1-0"]
[TimeControl "90' + 30' & 30\""]
[WhiteElo "2380"]
[BlackElo "1972"]

1. e4 {[%clk 01:30:58]} c6 {[%clk 01:30:50]} {[%emt 00:00:11]} 2. d4 {[%clk
01:31:24]} {[%emt 00:00:04]} d5 {[%clk 01:31:11]} {[%emt 00:00:09]} 3. exd5
{[%clk 01:31:46]} {[%emt 00:00:10]} cxd5 {[%clk 01:31:25]} {[%emt 00:00:14]} 4.
Bd3 {[%clk 01:32:07]} {[%emt 00:00:09]} Nc6 {[%clk 01:31:18]} {[%emt 00:00:36]}
5. c3 {[%clk 01:32:32]} {[%emt 00:00:05]} Nf6 {[%clk 01:30:59]} {[%emt
00:00:49]} 6. Bf4 {[%clk 01:32:48]} {[%emt 00:00:14]} Bg4 {[%clk 01:30:23]}
{[%emt 00:01:07]} 7. Qb3 {[%clk 01:33:11]} {[%emt 00:00:06]} Qc8 {[%clk
01:29:45]} {[%emt 00:01:07]} 8. Nd2 {[%clk 01:32:57]} {[%emt 00:00:45]} e6
{[%clk 01:29:11]} {[%emt 00:01:04]} 9. h3 {[%clk 01:33:06]} {[%emt 00:00:22]}
Bh5 {[%clk 01:29:07]} {[%emt 00:00:33]} 10. Ngf3 {[%clk 01:33:10]} {[%emt
00:00:27]} Be7 {[%clk 01:27:36]} {[%emt 00:02:06]} 11. O-O {[%clk 01:33:21]}
{[%emt 00:00:14]} O-O {[%clk 01:26:35]} {[%emt 00:01:30]} 12. Rfe1 {[%clk
01:33:32]} {[%emt 00:00:20]} a6 {[%clk 01:21:10]} {[%emt 00:05:55]} 13. a4
{[%clk 01:29:52]} {[%emt 00:04:10]} Bg6 {[%clk 01:14:33]} {[%emt 00:07:07]} 14.
Bf1 {[%clk 01:23:00]} {[%emt 00:07:22]} Na5 {[%clk 01:07:02]} {[%emt 00:08:00]}
15. Qd1 {[%clk 01:20:31]} {[%emt 00:03:04]} Nd7 {[%clk 01:03:59]} {[%emt
00:03:29]} 16. Bg3 {[%clk 01:00:32]} {[%emt 00:20:30]} b6 {[%clk 00:55:52]}
{[%emt 00:08:37]} 17. Nh4 {[%clk 00:56:57]} {[%emt 00:04:05]} Qb7 {[%clk
00:49:08]} {[%emt 00:07:13]} 18. Nxg6 {[%clk 00:53:03]} {[%emt 00:04:25]} hxg6
{[%clk 00:49:29]} {[%emt 00:00:08]} 19. Bd3 {[%clk 00:50:19]} {[%emt 00:03:14]}
Nf6 {[%clk 00:40:05]} {[%emt 00:09:54]} 20. Qe2 {[%clk 00:48:31]} {[%emt
00:02:19]} Qc8 {[%clk 00:27:04]} {[%emt 00:13:31]} 21. Bh2 {[%clk 00:42:45]}
{[%emt 00:06:15]} Ra7 {[%clk 00:24:35]} {[%emt 00:02:59]} 22. h4 {[%clk
00:40:35]} {[%emt 00:02:40]} Rd8 {[%clk 00:22:20]} {[%emt 00:02:45]} 23. Nf3
{[%clk 00:37:10]} {[%emt 00:03:55]} Ng4 {[%clk 00:20:22]} {[%emt 00:02:29]} 24.
Bg3 {[%clk 00:36:39]} {[%emt 00:01:01]} Nh6 {[%clk 00:14:34]} {[%emt 00:06:17]}
25. Ne5 {[%clk 00:35:30]} {[%emt 00:01:39]} Nf5 {[%clk 00:13:30]} {[%emt
00:01:35]} 26. h5 {[%clk 00:33:10]} {[%emt 00:02:50]} Nxg3 {[%clk 00:12:32]}
{[%emt 00:01:27]} 27. fxg3 {[%clk 00:33:37]} {[%emt 00:00:03]} g5 {[%clk
00:11:26]} {[%emt 00:01:37]} 28. h6 {[%clk 00:31:03]} {[%emt 00:03:04]} gxh6
{[%clk 00:10:00]} {[%emt 00:01:56]} 29. Qh5 {[%clk 00:31:00]} {[%emt 00:00:33]}
Bf8 {[%clk 00:09:53]} {[%emt 00:00:36]} 30. Ng4 {[%clk 00:30:39]} {[%emt
00:00:51]} Bg7 {[%clk 00:04:50]} {[%emt 00:05:33]} 31. Nxh6+ {[%clk 00:29:23]}
{[%emt 00:01:47]} Kf8 {[%clk 00:05:05]} {[%emt 00:00:14]} 32. Rf1 {[%clk
00:28:48]} {[%emt 00:01:06]} Rdd7 {[%clk 00:04:51]} {[%emt 00:00:44]} 33. Bg6
{[%clk 00:26:52]} {[%emt 00:02:26]} f6 {[%clk 00:04:18]} {[%emt 00:01:03]} 34.
Rae1 {[%clk 00:25:45]} {[%emt 00:01:35]} Rd6 {[%clk 00:03:32]} {[%emt
00:01:17]} 35. Nf7 {[%clk 00:17:42]} {[%emt 00:08:34]} Rc6 {[%clk 00:02:50]}
{[%emt 00:01:12]} 36. Nxg5 {[%clk 00:17:33]} {[%emt 00:00:40]} Nc4 {[%clk
00:02:46]} {[%emt 00:00:34]} 37. Bf7 {[%clk 00:17:12]} {[%emt 00:00:50]} Nd2
{[%clk 00:01:35]} {[%emt 00:01:41]} 38. Bxe6 {[%clk 00:16:28]} {[%emt
00:01:15]} Rxe6 {[%clk 00:00:52]} {[%emt 00:01:13]} 39. Nxe6+ {[%clk 00:16:24]}
{[%emt 00:00:34]} Kg8 {[%clk 00:01:17]} {[%emt 00:00:05]} 40. Nxg7 {[%clk
00:15:07]} {[%emt 00:01:46]} Kxg7 {[%clk 00:01:23]} {[%emt 00:00:24]} 41. Re8
{[%clk 00:15:12]} {[%emt 00:00:25]} 1-0

[Event "European Women's Chess Club Cup 2023"]
[Site "Durres, Albania"]
[Date "2023.10.01"]
[Round "1.3"]
[White "Thorsteinsdottir, Gudlaug"]
[Black "Cyfka, Karina"]
[Result "0-1"]
[TimeControl "90' + 30' & 30\""]
[WhiteElo "1991"]
[BlackElo "2350"]

1. d4 {[%clk 01:30:47]} {[%emt 00:00:13]} Nf6 {[%clk 01:30:52]} {[%emt
00:00:07]} 2. Nf3 {[%clk 01:30:58]} {[%emt 00:00:20]} e6 {[%clk 01:31:03]}
{[%emt 00:00:19]} 3. Bf4 {[%clk 01:30:53]} {[%emt 00:00:35]} b6 {[%clk
01:30:17]} {[%emt 00:01:16]} 4. c4 {[%clk 01:30:11]} {[%emt 00:01:12]} Bb4+
{[%clk 01:25:46]} {[%emt 00:05:02]} 5. Nbd2 {[%clk 01:29:54]} {[%emt 00:00:49]}
Bb7 {[%clk 01:25:33]} {[%emt 00:00:41]} 6. a3 {[%clk 01:29:50]} {[%emt
00:00:34]} Be7 {[%clk 01:19:37]} {[%emt 00:06:25]} 7. h3 {[%clk 01:23:17]}
{[%emt 00:07:03]} c5 {[%clk 01:14:12]} {[%emt 00:05:55]} 8. e3 {[%clk
01:22:05]} {[%emt 00:01:42]} O-O {[%clk 01:12:26]} {[%emt 00:02:16]} 9. Qc2
{[%clk 01:20:59]} {[%emt 00:01:36]} Nc6 {[%clk 01:07:39]} {[%emt 00:05:17]} 10.
Be2 {[%clk 01:16:01]} {[%emt 00:05:28]} d6 {[%clk 01:03:37]} {[%emt 00:04:32]}
11. O-O {[%clk 01:15:38]} {[%emt 00:00:53]} cxd4 {[%clk 01:00:57]} {[%emt
00:03:10]} 12. exd4 {[%clk 01:15:50]} {[%emt 00:00:17]} Rc8 {[%clk 01:00:44]}
{[%emt 00:00:43]} 13. b4 {[%clk 01:09:51]} {[%emt 00:06:30]} Re8 {[%clk
00:57:59]} {[%emt 00:03:15]} 14. Rfe1 {[%clk 01:06:52]} {[%emt 00:03:30]} Bf8
{[%clk 00:55:07]} {[%emt 00:03:21]} 15. Rad1 {[%clk 01:03:51]} {[%emt
00:03:31]} h6 {[%clk 00:51:29]} {[%emt 00:04:08]} 16. Nf1 {[%clk 00:59:47]}
{[%emt 00:04:34]} Ne7 {[%clk 00:48:43]} {[%emt 00:03:17]} 17. Qb2 {[%clk
00:58:06]} {[%emt 00:02:09]} Bxf3 {[%clk 00:45:47]} {[%emt 00:03:27]} 18. gxf3
{[%clk 00:58:26]} {[%emt 00:00:11]} Qd7 {[%clk 00:41:20]} {[%emt 00:04:58]} 19.
Ng3 {[%clk 00:53:58]} {[%emt 00:04:58]} Ng6 {[%clk 00:39:37]} {[%emt 00:02:13]}
20. Be3 {[%clk 00:50:39]} {[%emt 00:03:48]} Nh4 {[%clk 00:38:33]} {[%emt
00:01:34]} 21. Ne4 {[%clk 00:42:32]} {[%emt 00:08:38]} Nh7 {[%clk 00:33:19]}
{[%emt 00:05:43]} 22. Nd2 {[%clk 00:42:42]} {[%emt 00:00:20]} e5 {[%clk
00:27:51]} {[%emt 00:05:58]} 23. Kh2 {[%clk 00:39:33]} {[%emt 00:03:38]} Ng5
{[%clk 00:22:25]} {[%emt 00:05:58]} 24. Bxg5 {[%clk 00:39:33]} {[%emt
00:00:29]} hxg5 {[%clk 00:22:51]} {[%emt 00:00:05]} 25. dxe5 {[%clk 00:37:41]}
{[%emt 00:02:21]} Rxe5 {[%clk 00:20:50]} {[%emt 00:02:31]} 26. Bf1 {[%clk
00:34:12]} {[%emt 00:03:59]} Qf5 {[%clk 00:18:49]} {[%emt 00:02:30]} 27. Rxe5
{[%clk 00:26:22]} {[%emt 00:08:20]} dxe5 {[%clk 00:19:01]} {[%emt 00:00:18]} 28.
Qb3 {[%clk 00:21:41]} {[%emt 00:05:12]} e4 {[%clk 00:15:01]} {[%emt 00:04:31]}
29. Be2 {[%clk 00:19:55]} {[%emt 00:02:15]} Bd6+ {[%clk 00:14:58]} {[%emt
00:00:33]} 30. f4 {[%clk 00:19:16]} {[%emt 00:01:10]} Qxf4+ {[%clk 00:14:01]}
{[%emt 00:01:27]} 0-1

[Event "European Women's Chess Club Cup 2023"]
[Site "Durres, Albania"]
[Date "2023.10.01"]
[Round "1.5"]
[White "Dolgova, Olga"]
[Black "Muzychuk, Mariya"]
[Result "0-1"]
[TimeControl "90' + 30' & 30\""]
[WhiteElo "2242"]
[BlackElo "2519"]

1. d4 {[%clk 01:30:55]} {[%emt 00:00:05]} Nf6 {[%clk 01:30:47]} {[%emt
00:00:12]} 2. Bg5 {[%clk 01:27:32]} {[%emt 00:03:53]} c5 {[%emt 00:04:15]} 3.
Bxf6 {[%clk 01:20:58]} {[%emt 00:05:04]} gxf6 {[%emt 00:01:59]} 4. d5 {[%clk
01:19:31]} {[%emt 00:00:11]} Qb6 {[%emt 00:04:09]} 5. Qc1 {[%clk 01:14:51]}
{[%emt 00:01:29]} Bg7 {[%emt 00:03:15]} 6. c3 {[%emt 00:00:47]} f5 {[%clk
01:27:33]} {[%emt 00:01:51]} 7. g3 {[%emt 00:02:36]} d6 {[%emt 00:00:34]} 8.
Bg2 {[%clk 01:11:03]} {[%emt 00:00:23]} O-O {[%emt 00:15:31]} 9. h4 {[%emt
00:02:56]} Nd7 {[%emt 00:06:38]} 10. Nh3 {[%emt 00:00:34]} Nf6 {[%emt
00:02:01]} 11. Nd2 {[%emt 00:03:38]} e6 {[%emt 00:02:48]} 12. Nc4 {[%emt
00:14:10]} Qa6 {[%clk 01:09:41]} {[%emt 00:00:22]} 13. Ne3 {[%clk 00:43:24]}
{[%emt 00:01:03]} Bd7 {[%clk 01:08:36]} {[%emt 00:01:35]} 14. Qc2 {[%emt
00:04:25]} Rae8 {[%emt 00:02:51]} 15. O-O {[%emt 00:08:17]} Nxd5 {[%emt
00:01:58]} 16. Nxd5 {[%clk 00:33:47]} {[%emt 00:03:22]} exd5 {[%emt 00:03:13]}
17. e3 {[%clk 00:29:23]} {[%emt 00:01:45]} d4 {[%clk 00:58:53]} {[%emt
00:01:53]} 18. cxd4 {[%clk 00:28:26]} {[%emt 00:01:27]} cxd4 {[%clk 00:58:53]}
{[%emt 00:00:30]} 19. exd4 {[%emt 00:02:00]} Bxd4 {[%emt 00:04:21]} 20. Qd2
{[%emt 00:00:04]} Be5 {[%emt 00:13:00]} 21. Rfd1 {[%emt 00:05:28]} Qb6 {[%clk
00:45:10]} {[%emt 00:00:16]} 22. Rab1 {[%clk 00:17:43]} {[%emt 00:02:49]} Kh8
{[%emt 00:07:49]} 23. Kh2 {[%emt 00:05:57]} Bc6 {[%emt 00:06:35]} 24. Qg5
{[%emt 00:02:39]} Bxg2 {[%clk 00:35:52]} {[%emt 00:00:55]} 25. Kxg2 {[%emt
00:00:49]} Qc6+ {[%clk 00:35:19]} {[%emt 00:00:23]} 26. Kh2 {[%emt 00:03:09]}
Qf3 {[%clk 00:34:11]} {[%emt 00:00:13]} 27. Rg1 {[%emt 00:02:54]} Rg8 {[%clk
00:33:15]} {[%emt 00:00:17]} 28. Qh6 {[%clk 00:02:12]} {[%emt 00:01:45]} Bxg3+
{[%clk 00:27:10]} {[%emt 00:06:35]} 29. Rxg3 {[%clk 00:02:24]} {[%emt
00:00:18]} Rxg3 {[%emt 00:00:36]} 30. Qf6+ {[%emt 00:00:12]} Kg8 {[%clk
00:27:44]} {[%emt 00:00:17]} 31. Rg1 {[%clk 00:01:51]} {[%emt 00:00:54]} Rxg1
{[%clk 00:27:58]} {[%emt 00:00:16]} 32. Nxg1 {[%clk 00:02:07]} {[%emt
00:00:14]} Qxf2+ {[%clk 00:28:11]} {[%emt 00:00:16]} 33. Kh1 {[%clk 00:02:27]}
{[%emt 00:00:10]} Qf4 {[%clk 00:27:42]} {[%emt 00:00:59]} 34. h5 {[%clk
00:02:16]} {[%emt 00:00:41]} h6 {[%clk 00:27:55]} {[%emt 00:00:18]} 35. Kg2
{[%clk 00:02:21]} {[%emt 00:00:25]} Re3 {[%emt 00:01:38]} 36. Qd8+ {[%emt
00:00:34]} Kg7 {[%clk 00:27:28]} {[%emt 00:00:06]} 37. Qc7 {[%clk 00:01:30]}
{[%emt 00:01:00]} Rg3+ {[%clk 00:27:43]} {[%emt 00:00:15]} 0-1

[Event "European Women's Chess Club Cup 2023"]
[Site "Durres, Albania"]
[Date "2023.10.01"]
[Round "1.6"]
[White "Muzychuk, Anna"]
[Black "Ni, Viktorija"]
[Result "1-0"]
[TimeControl "90' + 30' & 30\""]
[WhiteElo "2510"]
[BlackElo "2161"]

1. e4 {[%clk 01:30:57]} {[%emt 00:00:02]} c5 {[%clk 01:30:55]} {[%emt
00:00:05]} 2. Nf3 {[%clk 01:31:23]} {[%emt 00:00:05]} e6 {[%clk 01:31:11]}
{[%emt 00:00:13]} 3. d4 {[%clk 01:31:37]} {[%emt 00:00:16]} cxd4 {[%clk
01:31:29]} {[%emt 00:00:12]} 4. Nxd4 {[%clk 01:32:05]} {[%emt 00:00:02]} a6
{[%clk 01:31:40]} {[%emt 00:00:19]} 5. Nc3 {[%clk 01:31:58]} {[%emt 00:00:37]}
Qc7 {[%clk 01:30:06]} {[%emt 00:02:04]} 6. Bd3 {[%clk 01:32:02]} {[%emt
00:00:26]} Nc6 {[%clk 01:25:47]} {[%emt 00:04:48]} 7. Nxc6 {[%clk 01:31:51]}
{[%emt 00:00:41]} bxc6 {[%clk 01:25:48]} {[%emt 00:00:29]} 8. Qe2 {[%clk
01:30:24]} {[%emt 00:01:57]} Ne7 {[%emt 00:06:52]} 9. O-O {[%clk 01:27:12]}
{[%emt 00:03:25]} d5 {[%clk 01:14:35]} {[%emt 00:05:39]} 10. f4 {[%clk
01:25:15]} {[%emt 00:02:27]} Bb7 {[%clk 01:10:46]} {[%emt 00:04:19]} 11. b3
{[%emt 00:06:34]} Ng6 {[%clk 00:58:03]} {[%emt 00:10:20]} 12. f5 {[%clk
01:06:58]} {[%emt 00:15:37]} Bc5+ {[%clk 00:51:59]} {[%emt 00:06:33]} 13. Kh1
{[%clk 00:59:41]} {[%emt 00:07:47]} Ne5 {[%clk 00:41:20]} {[%emt 00:11:09]} 14.
fxe6 {[%clk 00:59:09]} {[%emt 00:01:02]} fxe6 {[%clk 00:41:39]} {[%emt
00:00:10]} 15. exd5 {[%clk 00:57:30]} {[%emt 00:02:10]} cxd5 {[%clk 00:35:31]}
{[%emt 00:06:37]} 16. Bb2 {[%clk 00:56:11]} {[%emt 00:01:49]} d4 {[%emt
00:11:33]} 17. Na4 {[%clk 00:52:10]} {[%emt 00:02:01]} Ba7 {[%clk 00:23:33]}
{[%emt 00:03:56]} 18. Rae1 {[%clk 00:49:41]} {[%emt 00:02:58]} Qc6 {[%clk
00:19:37]} {[%emt 00:04:27]} 19. Qh5+ {[%clk 00:42:15]} {[%emt 00:07:56]} g6
{[%clk 00:16:29]} {[%emt 00:03:37]} 20. Qh3 {[%clk 00:41:10]} {[%emt 00:01:35]}
Qd6 {[%clk 00:14:40]} {[%emt 00:02:19]} 21. Bc1 {[%clk 00:28:26]} {[%emt
00:13:14]} Bd5 {[%clk 00:02:46]} {[%emt 00:12:24]} 22. Bf4 {[%clk 00:27:22]}
{[%emt 00:01:34]} O-O {[%clk 00:01:25]} {[%emt 00:01:51]} 23. Bxe5 {[%clk
00:27:14]} {[%emt 00:00:39]} Rxf1+ {[%clk 00:01:32]} {[%emt 00:00:23]} 24. Bxf1
{[%clk 00:27:35]} {[%emt 00:00:08]} Qf8 {[%clk 00:00:31]} {[%emt 00:01:30]} 25.
Bd3 {[%clk 00:27:19]} {[%emt 00:00:47]} Qe8 {[%clk 00:00:32]} {[%emt 00:00:29]}
26. Qh6 {[%clk 00:26:48]} {[%emt 00:01:02]} Qf7 {[%clk 00:00:42]} {[%emt
00:00:19]} 27. Rf1 {[%clk 00:26:32]} {[%emt 00:00:45]} Qb7 {[%clk 00:00:58]}
{[%emt 00:00:15]} 28. Qg5 {[%clk 00:26:20]} {[%emt 00:00:42]} 1-0

[Event "European Women's Chess Club Cup 2023"]
[Site "Durres, Albania"]
[Date "2023.10.01"]
[Round "1.7"]
[White "Nilssen, Ellen Fredericia"]
[Black "Khademalsharieh, Sarasadat"]
[Result "0-1"]
[TimeControl "90' + 30' & 30\""]
[WhiteElo "2161"]
[BlackElo "2476"]

1. e4 {[%clk 01:30:53]} {[%emt 00:00:07]} e5 {[%clk 01:30:51]} {[%emt
00:00:09]} 2. Nf3 {[%clk 01:31:17]} {[%emt 00:00:05]} Nc6 {[%clk 01:31:09]}
{[%emt 00:00:14]} 3. Bc4 {[%clk 01:31:38]} {[%emt 00:00:07]} Bc5 {[%clk
01:30:43]} {[%emt 00:00:57]} 4. c3 {[%clk 01:31:48]} {[%emt 00:00:18]} Nf6
{[%clk 01:30:48]} {[%emt 00:00:28]} 5. d4 {[%clk 01:31:50]} {[%emt 00:00:27]}
exd4 {[%clk 01:30:47]} {[%emt 00:00:32]} 6. e5 {[%clk 01:32:10]} {[%emt
00:00:10]} d5 {[%clk 01:30:39]} {[%emt 00:00:39]} 7. Bb5 {[%clk 01:32:33]}
{[%emt 00:00:07]} Ne4 {[%clk 01:30:41]} {[%emt 00:00:28]} 8. cxd4 {[%clk
01:32:16]} {[%emt 00:00:45]} Bb6 {[%clk 01:30:41]} {[%emt 00:00:32]} 9. Nc3
{[%clk 01:32:33]} {[%emt 00:00:12]} O-O {[%clk 01:30:26]} {[%emt 00:00:46]} 10.
Be3 {[%clk 01:32:45]} {[%emt 00:00:16]} Bg4 {[%clk 01:27:56]} {[%emt 00:03:04]}
11. h3 {[%clk 01:32:02]} {[%emt 00:01:09]} Bh5 {[%clk 01:28:09]} {[%emt
00:00:17]} 12. Qc2 {[%clk 01:32:18]} {[%emt 00:00:14]} Bg6 {[%clk 01:25:16]}
{[%emt 00:03:23]} 13. Qb3 {[%clk 01:32:11]} {[%emt 00:00:36]} Ne7 {[%clk
01:25:13]} {[%emt 00:00:35]} 14. O-O {[%clk 01:32:23]} {[%emt 00:00:16]} c6
{[%clk 01:24:47]} {[%emt 00:00:58]} 15. Bd3 {[%clk 01:32:33]} {[%emt 00:00:19]}
Nd2 {[%clk 01:24:58]} {[%emt 00:00:20]} 16. Nxd2 {[%clk 01:32:50]} {[%emt
00:00:12]} Bxd3 {[%clk 01:25:24]} {[%emt 00:00:04]} 17. Rfe1 {[%clk 01:33:11]}
{[%emt 00:00:08]} Nf5 {[%clk 01:17:38]} {[%emt 00:08:18]} 18. Na4 {[%clk
01:32:10]} {[%emt 00:01:30]} Bb5 {[%clk 01:11:32]} {[%emt 00:06:38]} 19. Nxb6
{[%clk 01:32:11]} {[%emt 00:00:28]} axb6 {[%clk 01:11:45]} {[%emt 00:00:19]} 20.
a4 {[%clk 01:32:32]} {[%emt 00:00:08]} Ba6 {[%clk 01:12:00]} {[%emt 00:00:15]}
21. Nf3 {[%clk 01:24:03]} {[%emt 00:08:58]} Rc8 {[%clk 01:08:30]} {[%emt
00:04:01]} 22. Rac1 {[%clk 01:18:46]} {[%emt 00:05:46]} Bc4 {[%clk 01:07:22]}
{[%emt 00:01:39]} 23. Qc2 {[%clk 01:14:45]} {[%emt 00:04:31]} Qd7 {[%clk
01:00:17]} {[%emt 00:07:35]} 24. Ng5 {[%clk 01:07:03]} {[%emt 00:08:11]} h6
{[%clk 00:57:28]} {[%emt 00:03:19]} 25. g4 {[%clk 01:04:36]} {[%emt 00:02:56]}
hxg5 {[%clk 00:57:15]} {[%emt 00:00:43]} 26. gxf5 {[%clk 01:03:33]} {[%emt
00:01:32]} f6 {[%clk 00:39:11]} {[%emt 00:18:37]} 27. e6 {[%clk 01:00:52]}
{[%emt 00:03:10]} Qe8 {[%clk 00:39:38]} {[%emt 00:00:03]} 28. Qd1 {[%clk
00:41:39]} {[%emt 00:19:42]} g6 {[%clk 00:33:55]} {[%emt 00:06:14]} 29. b3
{[%clk 00:40:13]} {[%emt 00:01:56]} Ba6 {[%clk 00:34:03]} {[%emt 00:00:22]} 30.
Bd2 {[%clk 00:40:07]} {[%emt 00:00:36]} Kg7 {[%clk 00:29:50]} {[%emt 00:04:43]}
31. Qf3 {[%clk 00:27:52]} {[%emt 00:12:44]} Qe7 {[%clk 00:26:23]} {[%emt
00:03:57]} 32. Kg2 {[%clk 00:20:59]} {[%emt 00:07:23]} Rh8 {[%clk 00:26:20]}
{[%emt 00:00:33]} 33. fxg6 {[%clk 00:17:30]} {[%emt 00:04:00]} Kxg6 {[%clk
00:26:14]} {[%emt 00:00:36]} 34. Qg3 {[%clk 00:16:55]} {[%emt 00:01:05]} Rh4
{[%clk 00:23:11]} {[%emt 00:03:33]} 35. f4 {[%clk 00:16:17]} {[%emt 00:01:08]}
f5 {[%clk 00:16:31]} {[%emt 00:07:10]} 36. Bb4 {[%clk 00:12:16]} {[%emt
00:04:31]} c5 {[%clk 00:16:37]} {[%emt 00:00:24]} 37. dxc5 {[%clk 00:12:15]}
{[%emt 00:00:30]} Rg8 {[%clk 00:05:49]} {[%emt 00:11:19]} 38. Qc3 {[%clk
00:03:37]} {[%emt 00:09:08]} Rxf4 {[%clk 00:03:45]} {[%emt 00:02:34]} 39. Rcd1
{[%clk 00:02:59]} {[%emt 00:01:08]} g4 {[%clk 00:02:10]} {[%emt 00:02:05]} 40.
Rd4 {[%clk 00:00:49]} {[%emt 00:02:39]} Rf3 {[%clk 00:01:27]} {[%emt 00:01:14]}
41. Qc2 {[%clk 00:16:34]} {[%emt 00:14:45]} Qh4 {[%clk 00:24:47]} {[%emt
00:07:09]} 42. Rxg4+ Kh7 {[%clk 00:24:47]} 43. Rxg8 Qxh3+ {[%clk 00:24:47]} 44.
Kg1 Kxg8 {[%clk 00:24:47]} 45. Qg2+ Rg3 {[%clk 00:24:47]} 46. Qxg3+ Qxg3+
{[%clk 00:24:47]} 47. Kh1 Qh4+ {[%clk 00:24:47]} 48. Kg2 Qxb4 {[%clk 00:24:47]}
0-1